Tilastot visalle Maapallon yleisimmät alkuaineet

Klikkaa tästä pelataksesi tätä visaa!

Yleistilastot

  • Tätä visaa on pelattu 99 kertaa
  • Keskiarvotulos 7 / 10

Vastaustilastot

ppmAlkuaine% Oikein
10 700Happi
99%
739 000Vety
94%
970Typpi
93%
4 600Hiili
87%
1 090Rauta
85%
240 000Helium
72%
440Rikki
57%
650Pii
47%
580Magnesium
44%
1 340Neon
26%

Tulosjakauma

Persentiili vastausten määrän mukaan

Jokaisen tuloksen saaneiden osuus

Tuloshistoriasi

Et ole pelannut tätä visaa